Biographical and historical memoirs of eastern Arkansas, (Record no. 52047)

MARC details
000 -LEADER
fixed length control field 01134cam a22002651 4500
001 - CONTROL NUMBER
control field rc 01001241
003 - CONTROL NUMBER IDENTIFIER
control field DLC
005 - DATE AND TIME OF LATEST TRANSACTION
control field 20260227111903.0
007 - PHYSICAL DESCRIPTION FIXED FIELD--GENERAL INFORMATION
fixed length control field cr_|||||||||||
008 - FIXED-LENGTH DATA ELEMENTS--GENERAL INFORMATION
fixed length control field 770520s1890 iluc 000 0 eng
010 ## - LIBRARY OF CONGRESS CONTROL NUMBER
LC control number rc 01001241
035 ## - SYSTEM CONTROL NUMBER
System control number (OCoLC)2981543
040 ## - CATALOGING SOURCE
Original cataloging agency DLC
Transcribing agency Tx
Modifying agency OCoLC
-- DLC
042 ## - AUTHENTICATION CODE
Authentication code premarc
050 00 - LIBRARY OF CONGRESS CALL NUMBER
Classification number F411
Item number .B6
245 10 - TITLE STATEMENT
Title Biographical and historical memoirs of eastern Arkansas,
Remainder of title comprising a condensed history of the state, a number of biographies of distinguished citizens of the same, a brief descriptive history of each of the counties.
260 ## - PUBLICATION, DISTRIBUTION, ETC.
Place of publication, distribution, etc. Chicago,
-- St. Louis [etc.]
Name of publisher, distributor, etc. The Goodspeed publishing co.,
Date of publication, distribution, etc. 1890.
300 ## - PHYSICAL DESCRIPTION
Extent 820 p.
Other physical details incl. ports.
Dimensions 28 x 23 cm.
500 ## - GENERAL NOTE
General note Supplemented by: "Biographical index [by] Mrs. Leister E. Presley" (39 p. ; 28 cm.) published: Searcy, Ark., [1973] Call number: F411.B6 Suppl.
530 ## - ADDITIONAL PHYSICAL FORM AVAILABLE NOTE
Additional physical form available note Also available in digital form on the Internet Archive Web site.
651 #0 - SUBJECT ADDED ENTRY--GEOGRAPHIC NAME
Geographic name Arkansas
General subdivision History.
651 #0 - SUBJECT ADDED ENTRY--GEOGRAPHIC NAME
Geographic name Arkansas
Form subdivision Biography.
710 2# - ADDED ENTRY--CORPORATE NAME
Corporate name or jurisdiction name as entry element Goodspeed Publishing Co.
856 41 - ELECTRONIC LOCATION AND ACCESS
Uniform Resource Identifier <a href="http://hdl.loc.gov/loc.gdc/scd0001.00023630552">http://hdl.loc.gov/loc.gdc/scd0001.00023630552</a>

No items available.

Powered by Koha